[Event "North Bay int."]
[Site "North Bay CAN"]
[Date "1999.08.04"]
[Round "2"]
[White "St Amand, Paul Jr"]
[Black "Del Pilar, Reynaldo"]
[Result "1-0"]
[WhiteElo "2160"]
[BlackElo "2270"]
[PlyCount "83"]
[GameId "2160767911742536"]
[EventDate "1999.08.04"]
[EventType "swiss"]
[EventRounds "9"]
[EventCountry "CAN"]
[SourceTitle "EXT 2000"]
[Source "ChessBase"]
[SourceDate "1999.11.18"]
[SourceVersion "1"]
[SourceVersionDate "1999.11.18"]
[SourceQuality "1"]

1. e4 c5 2. c3 Nf6 3. e5 Nd5 4. d4 cxd4 5. cxd4 Nc6 6. Nf3 d6 7. Bc4 Nb6 8. Bb5 a6 9. Bxc6+ bxc6 10. O-O Bg4 11. h3 Bh5 12. Qe2 e6 13. Nbd2 d5 14. Nb3 Na4 15. Be3 Be7 16. Rfc1 Qb6 17. g4 Bg6 18. Ne1 O-O 19. Ng2 h6 20. Nf4 Bh7 21. Rd1 Rfc8 22. Rac1 Qb5 23. Qxb5 cxb5 24. Rxc8+ Rxc8 25. Rc1 Rc4 26. Rxc4 dxc4 27. Nc5 Nxb2 28. Nxa6 Nd1 29. d5 Bg5 30. d6 Nxe3 31. fxe3 c3 32. Nc5 c2 33. Nb3 Kf8 34. Kf2 Ke8 35. Ke2 Kd7 36. Kd2 Bg6 37. Nxg6 fxg6 38. Nc5+ Kc6 39. Nxe6 Bxe3+ 40. Kxc2 h5 41. Kd3 Bb6 42. Ke4 1-0

[Event "North Bay int."]
[Site "North Bay CAN"]
[Date "1999.08.04"]
[Round "2"]
[White "Voloaca, Mihnea"]
[Black "Pushkedra, Frank"]
[Result "1/2-1/2"]
[WhiteElo "2039"]
[BlackElo "2345"]
[PlyCount "67"]
[GameId "2160767911742537"]
[EventDate "1999.08.04"]
[EventType "swiss"]
[EventRounds "9"]
[EventCountry "CAN"]
[SourceTitle "EXT 2000"]
[Source "ChessBase"]
[SourceDate "1999.11.18"]
[SourceVersion "1"]
[SourceVersionDate "1999.11.18"]
[SourceQuality "1"]

1. d4 Nf6 2. c4 g6 3. f3 Bg7 4. e4 d6 5. Nc3 O-O 6. Bg5 a6 7. Nge2 Nc6 8. Qd2 Rb8 9. Nc1 Qe8 10. Nb3 Bd7 11. Bd3 e5 12. d5 Nd4 13. Nxd4 exd4 14. Ne2 b5 15. O-O bxc4 16. Bxc4 Bb5 17. Bxb5 Qxb5 18. b3 d3 19. Nc3 Qb4 20. Rac1 Nd7 21. Qxd3 Nc5 22. Qd2 a5 23. Rfd1 Rfe8 24. Be3 a4 25. bxa4 Nxa4 26. Nxa4 Qxa4 27. Rxc7 Rb2 28. Qe1 Qxa2 29. Rd2 Be5 30. Rxb2 Qxb2 31. Qc1 Qb8 32. Ba7 Qd8 33. Qc6 Bxh2+ 34. Kxh2 1/2-1/2

[Event "North Bay int."]
[Site "North Bay CAN"]
[Date "1999.08.04"]
[Round "2"]
[White "Weeramantry, Sunil"]
[Black "Kuczaj, Chris"]
[Result "1-0"]
[WhiteElo "2252"]
[BlackElo "2171"]
[PlyCount "25"]
[GameId "2160767911742538"]
[EventDate "1999.08.04"]
[EventType "swiss"]
[EventRounds "9"]
[EventCountry "CAN"]

1. e4 c6 2. d4 d5 3. exd5 cxd5 4. Bd3 Nc6 5. c3 Nf6 6. Bf4 Bg4 7. Qb3 Qd7 8. Nd2 Bh5 9. Ngf3 Bg6 10. Bb5 Qf5 11. Bg3 Nd7 12. O-O e6 13. Bxc6 1-0

[Event "North Bay int."]
[Site "North Bay CAN"]
[Date "1999.08.04"]
[Round "2"]
[White "Wenaas, Eric"]
[Black "Zambo, Victor"]
[Result "1-0"]
[WhiteElo "2156"]
[BlackElo "2202"]
[PlyCount "101"]
[GameId "2160767911742539"]
[EventDate "1999.08.04"]
[EventType "swiss"]
[EventRounds "9"]
[EventCountry "CAN"]

1. c4 Nf6 2. Nc3 b6 3. Nf3 e6 4. g3 Bb7 5. Bg2 c5 6. O-O Be7 7. d4 cxd4 8. Qxd4 Nc6 9. Qf4 O-O 10. Rd1 a6 11. e4 d6 12. Qe3 Qc7 13. b3 Rfd8 14. Qe2 Rac8 15. h3 Nb8 16. Bb2 Nbd7 17. Nd4 Bf8 18. f4 Qb8 19. f5 Re8 20. fxe6 fxe6 21. Re1 g6 22. g4 Bg7 23. Rad1 d5 24. e5 Ne4 25. Nxe4 dxe4 26. Nxe6 Rxe6 27. Rxd7 Bxe5 28. Bxe5 Rxe5 29. Qf2 Rf8 30. Qxb6 Ba8 31. Qxb8 Rxb8 32. Re3 Rf8 33. b4 Rc8 34. Rd4 Rb8 35. a3 Rbe8 36. Kf2 Bc6 37. Ke2 Kf7 38. h4 Kf6 39. Rd6+ R5e6 40. g5+ Kf7 41. Rxe6 Rxe6 42. Kd2 Re5 43. Kc3 Ke6 44. Bh3+ Kd6 45. Kd4 Re8 46. Re1 Bb7 47. Bg2 Rf8 48. Rf1 Rf5 49. Bh3 Bc8 50. Bxf5 Bxf5 51. a4 1-0

[Event "North Bay int."]
[Site "North Bay CAN"]
[Date "1999.08.04"]
[Round "2"]
[White "Xu, Sheng Jun"]
[Black "O'Donnell, Robert"]
[Result "1-0"]
[WhiteElo "2119"]
[BlackElo "1958"]
[PlyCount "71"]
[GameId "2160767911742540"]
[EventDate "1999.08.04"]
[EventType "swiss"]
[EventRounds "9"]
[EventCountry "CAN"]

1. e4 c5 2. Nf3 Nc6 3. d4 cxd4 4. Nxd4 Nf6 5. Nc3 d6 6. Bc4 Qb6 7. Nb3 a6 8. O-O e6 9. a4 Be7 10. Be3 Qc7 11. Be2 b6 12. f4 Bb7 13. Bf3 O-O 14. Qe1 Nb4 15. Qf2 Bd8 16. g4 d5 17. e5 Ne4 18. Bxe4 dxe4 19. Nd4 Rc8 20. Qg3 Nc6 21. Nxc6 Qxc6 22. f5 b5 23. axb5 axb5 24. f6 Bb6 25. Rae1 Bxe3+ 26. Rxe3 b4 27. Qf4 gxf6 28. exf6 Kh8 29. Qh6 Rg8 30. Rh3 Rxg4+ 31. Kf2 Qc5+ 32. Ke1 Kg8 33. Qxh7+ Kf8 34. Qh8+ Rg8 35. Na4 Qxc2 36. Qxg8+ 1-0

[Event "North Bay int."]
[Site "North Bay CAN"]
[Date "1999.08.04"]
[Round "2"]
[White "Yee, Lorne"]
[Black "Stroud, Mike"]
[Result "1/2-1/2"]
[WhiteElo "2084"]
[BlackElo "2215"]
[PlyCount "61"]
[GameId "2160767911742541"]
[EventDate "1999.08.04"]
[EventType "swiss"]
[EventRounds "9"]
[EventCountry "CAN"]

1. d4 Nf6 2. Bf4 b6 3. e3 Bb7 4. Nf3 e6 5. h3 d6 6. Bd3 Nbd7 7. Nbd2 h6 8. e4 g5 9. Bh2 Bg7 10. Qe2 Qe7 11. Ba6 Bxa6 12. Qxa6 O-O 13. O-O Nh5 14. Rfe1 Rfc8 15. c3 Nf8 16. g4 Nf4 17. Bxf4 gxf4 18. Kh2 c5 19. d5 Ng6 20. Rad1 e5 21. Rg1 Rab8 22. a4 Bf8 23. Ra1 Qb7 24. Qe2 Be7 25. b3 Kg7 26. Kh1 a6 27. Rg2 b5 28. a5 c4 29. b4 Rh8 30. Rh2 h5 31. Rg1 1/2-1/2

[Event "North Bay int."]
[Site "North Bay CAN"]
[Date "1999.08.05"]
[Round "3"]
[White "Baragar, Fletcher"]
[Black "Zambo, Victor"]
[Result "1-0"]
[WhiteElo "2305"]
[BlackElo "2202"]
[PlyCount "93"]
[GameId "2160767911742542"]
[EventDate "1999.08.04"]
[EventType "swiss"]
[EventRounds "9"]
[EventCountry "CAN"]

1. d4 Nf6 2. c4 g6 3. Nc3 Bg7 4. e4 d6 5. Be2 O-O 6. Bg5 Nbd7 7. Qd2 e5 8. d5 a5 9. g4 Nc5 10. f3 Qd7 11. h4 Ne8 12. h5 b6 13. Bh6 Ba6 14. Nh3 Ra7 15. O-O-O Nf6 16. Rh2 Re8 17. Bxg7 Kxg7 18. hxg6 fxg6 19. Ng5 Re7 20. Rdh1 Kg8 21. Rh6 Ra8 22. Bf1 Rb8 23. Qh2 Rg7 24. Ne6 Nxe6 25. dxe6 Qxe6 26. g5 Nh5 27. Qxh5 Qf7 28. Qh3 c6 29. Kb1 Rf8 30. Be2 Bc8 31. Qg3 Be6 32. Qh2 a4 33. a3 Rb8 34. Rd1 Qe7 35. Qg1 b5 36. cxb5 cxb5 37. Nd5 Bxd5 38. Rxd5 b4 39. Bc4 Kh8 40. Ka1 Qb7 41. Rb5 Qc7 42. Rxb8+ Qxb8 43. Rh2 Rc7 44. Rc2 Qf8 45. axb4 a3 46. Qe3 axb2+ 47. Kxb2 1-0

[Event "North Bay int."]
[Site "North Bay CAN"]
[Date "1999.08.05"]
[Round "3"]
[White "Burnett, Ronald"]
[Black "Palsson, Halldor"]
[Result "1-0"]
[WhiteElo "2423"]
[BlackElo "2182"]
[PlyCount "71"]
[GameId "2160767911742543"]
[EventDate "1999.08.04"]
[EventType "swiss"]
[EventRounds "9"]
[EventCountry "CAN"]
[SourceTitle "EXT 2000"]
[Source "ChessBase"]
[SourceDate "1999.11.18"]
[SourceVersion "1"]
[SourceVersionDate "1999.11.18"]
[SourceQuality "1"]

1. Nf3 d5 2. b3 Nf6 3. Bb2 e6 4. e3 Bd6 5. c4 c6 6. Nc3 O-O 7. Qc2 Nbd7 8. Be2 Re8 9. h3 a6 10. g4 dxc4 11. bxc4 Nf8 12. g5 N6d7 13. Ne4 Bc7 14. h4 e5 15. h5 f5 16. gxf6 Nxf6 17. Nh4 Bd7 18. Rg1 Nxe4 19. Qxe4 Qf6 20. Bd3 Re7 21. Rg3 Rae8 22. O-O-O Rf7 23. Rf3 Qh6 24. Rxf7 Kxf7 25. Qf3+ Qf6 26. Qxf6+ gxf6 27. Rg1 c5 28. h6 Ne6 29. Rg2 Ng5 30. Bxh7 Rh8 31. Bg6+ Ke7 32. f4 exf4 33. Rxg5 Rxh6 34. Rh5 Rxh5 35. Bxh5 fxe3 36. dxe3 1-0

[Event "North Bay int."]
[Site "North Bay CAN"]
[Date "1999.08.05"]
[Round "3"]
[White "Charest, Johanne"]
[Black "Day, Lawrence"]
[Result "0-1"]
[WhiteElo "2123"]
[BlackElo "2319"]
[PlyCount "80"]
[GameId "2160767911742545"]
[EventDate "1999.08.04"]
[EventType "swiss"]
[EventRounds "9"]
[EventCountry "CAN"]
[SourceTitle "EXT 2000"]
[Source "ChessBase"]
[SourceDate "1999.11.18"]
[SourceVersion "1"]
[SourceVersionDate "1999.11.18"]
[SourceQuality "1"]

1. e4 d5 2. exd5 Qxd5 3. Nc3 Qa5 4. d4 c6 5. Bc4 Bf5 6. Nf3 e6 7. O-O Nf6 8. Re1 Nbd7 9. d5 cxd5 10. Nxd5 Nxd5 11. Bxd5 O-O-O 12. Be4 Ne5 13. Nd2 Bb4 14. c3 Bxe4 15. Rxe4 Be7 16. Qe2 Nd3 17. Nb3 Qa6 18. Be3 f5 19. Rd4 e5 20. Rxd8+ Rxd8 21. f3 Kb8 22. Rd1 Rd6 23. Rd2 Qxa2 24. Rxd3 Qxb3 25. Rxd6 Bxd6 26. Qd3 Qe6 27. b4 Bc7 28. c4 g6 29. g3 Qd6 30. Qxd6 Bxd6 31. b5 a5 32. bxa6 bxa6 33. Kf1 Kb7 34. Ke2 Kc6 35. Kd3 a5 36. Kc3 Bc5 37. Bc1 e4 38. fxe4 fxe4 39. Kc2 Bg1 40. h3 Kc5 0-1

[Event "North Bay int."]
[Site "North Bay CAN"]
[Date "1999.08.05"]
[Round "3"]
[White "Chatzilias, Alexis"]
[Black "Lazarev, Vladimir"]
[Result "1-0"]
[WhiteElo "2046"]
[BlackElo "2501"]
[PlyCount "95"]
[GameId "2160767911742546"]
[EventDate "1999.08.04"]
[EventType "swiss"]
[EventRounds "9"]
[EventCountry "CAN"]
[SourceTitle "EXT 2000"]
[Source "ChessBase"]
[SourceDate "1999.11.18"]
[SourceVersion "1"]
[SourceVersionDate "1999.11.18"]
[SourceQuality "1"]

1. d4 Nf6 2. c4 c5 3. d5 b5 4. cxb5 a6 5. Nc3 axb5 6. e4 Qa5 7. Bd2 b4 8. e5 bxc3 9. Bxc3 Qa4 10. Qxa4 Rxa4 11. exf6 gxf6 12. b3 Ra7 13. Nf3 Rg8 14. g3 Ba6 15. Bxa6 Nxa6 16. a4 Rb7 17. Rb1 d6 18. Ke2 Kd7 19. h3 Bh6 20. Kd3 Nc7 21. Kc4 Na8 22. a5 Nc7 23. Ra1 Rgb8 24. Rhb1 Nxd5 25. Kxd5 Rb5 26. Nd4 f5 27. Re1 e6+ 28. Nxe6 Rxb3 29. Nxc5+ dxc5 30. Kc4 Kc6 31. Ra4 f4 32. a6 R3b6 33. Re7 fxg3 34. fxg3 Ra8 35. Rxf7 Rbxa6 36. Rxa6+ Rxa6 37. Rf6+ Kb7 38. Rxa6 Kxa6 39. Kxc5 Kb7 40. Kd5 Kc7 41. Ke6 Be3 42. g4 Kc6 43. Kf7 Kd5 44. Kg7 Ke4 45. Kxh7 Kf3 46. Be5 Kg2 47. h4 Kh3 48. g5 1-0

[Event "North Bay int."]
[Site "North Bay CAN"]
[Date "1999.08.05"]
[Round "3"]
[White "Chiong, Luiz"]
[Black "Yee, Lorne"]
[Result "1-0"]
[WhiteElo "2387"]
[BlackElo "2084"]
[PlyCount "21"]
[GameId "2160767911742547"]
[EventDate "1999.08.04"]
[EventType "swiss"]
[EventRounds "9"]
[EventCountry "CAN"]

1. d4 Nf6 2. c4 c6 3. Nf3 d5 4. Qc2 g6 5. Bf4 Bg7 6. e3 O-O 7. Nbd2 Bf5 8. Qb3 b6 9. cxd5 cxd5 10. Rc1 Nbd7 11. Ba6 1-0

[Event "North Bay int."]
[Site "North Bay CAN"]
[Date "1999.08.05"]
[Round "3"]
[White "Ciaffone, Robert"]
[Black "Kalinin, Alexander"]
[Result "1-0"]
[WhiteElo "2197"]
[BlackElo "2425"]
[PlyCount "81"]
[GameId "2160767911742549"]
[EventDate "1999.08.04"]
[EventType "swiss"]
[EventRounds "9"]
[EventCountry "CAN"]
[SourceTitle "EXT 2000"]
[Source "ChessBase"]
[SourceDate "1999.11.18"]
[SourceVersion "1"]
[SourceVersionDate "1999.11.18"]
[SourceQuality "1"]

1. d4 Nf6 2. c4 g6 3. Nc3 Bg7 4. e4 d6 5. Nf3 O-O 6. Be2 Na6 7. O-O e5 8. Be3 Ng4 9. Bg5 Qe8 10. h3 h6 11. Bc1 Nf6 12. dxe5 dxe5 13. b3 Qe7 14. Be3 c6 15. Qc2 Nh5 16. Rfe1 Nc5 17. Rad1 Ne6 18. Bf1 f5 19. exf5 gxf5 20. Bxh6 Bxh6 21. Rxe5 Qf6 22. c5 Bf4 23. Ree1 Nxc5 24. Bc4+ Kh8 25. b4 Ne6 26. Ne2 Bc7 27. Ned4 Neg7 28. Bb3 Nf4 29. Qc1 Qg6 30. Nh4 Nxh3+ 31. Kf1 Qf6 32. Ndf3 Nf4 33. g3 Nfh5 34. Ne5 Bxe5 35. Rxe5 f4 36. Qc5 Bf5 37. Rd6 Qg5 38. g4 Qxh4 39. Rh6+ Bh7 40. Rexh5 Nxh5 41. Qe5+ 1-0

[Event "North Bay int."]
[Site "North Bay CAN"]
[Date "1999.08.05"]
[Round "3"]
[White "Del Pilar, Reynaldo"]
[Black "McKay, Geoff"]
[Result "1-0"]
[WhiteElo "2270"]
[BlackElo "2159"]
[PlyCount "67"]
[GameId "2160767911742551"]
[EventDate "1999.08.04"]
[EventType "swiss"]
[EventRounds "9"]
[EventCountry "CAN"]

1. e4 Nf6 2. e5 Nd5 3. d4 d6 4. Nf3 Bg4 5. Be2 Nc6 6. O-O dxe5 7. dxe5 e6 8. Re1 Bc5 9. Bg5 Nde7 10. Nbd2 O-O 11. c3 a6 12. Qa4 Bh5 13. Rad1 Qe8 14. Qh4 Bg6 15. Ne4 Nf5 16. Qh3 Ba7 17. g4 Kh8 18. gxf5 exf5 19. Ng3 Nxe5 20. Nxe5 Qxe5 21. Bd3 Qa5 22. Bxf5 Qxa2 23. Re2 Rae8 24. Be7 Rg8 25. Qg4 Qb3 26. Rde1 Qb5 27. h4 Bxf5 28. Nxf5 Qc6 29. h5 h6 30. Qf4 Kh7 31. Nd4 g5 32. Qf5+ Kg7 33. Re6 Rxe7 34. Qf6+ 1-0

[Event "North Bay int."]
[Site "North Bay CAN"]
[Date "1999.08.05"]
[Round "3"]
[White "Divljan, Igor"]
[Black "Betaneli, Alexander"]
[Result "1-0"]
[WhiteElo "2165"]
[BlackElo "2261"]
[PlyCount "124"]
[GameId "2160767911742552"]
[EventDate "1999.08.04"]
[EventType "swiss"]
[EventRounds "9"]
[EventCountry "CAN"]

1. d4 Nf6 2. c4 e6 3. Nc3 Bb4 4. Qc2 c5 5. dxc5 O-O 6. Nf3 Na6 7. Bg5 Nxc5 8. Nd2 h6 9. Bh4 b6 10. a3 Bxc3 11. Qxc3 Bb7 12. f3 a5 13. e4 d6 14. Qc2 a4 15. Be2 Qe7 16. O-O e5 17. Rad1 Rfc8 18. Nb1 Nb3 19. Nc3 Nd4 20. Rxd4 exd4 21. Nxa4 Rc6 22. Qb3 Qc7 23. Qd1 Ba6 24. b3 Nd7 25. Qxd4 Nc5 26. Nxc5 bxc5 27. Qd3 Bb7 28. a4 Re8 29. Bd1 Bc8 30. Bc2 Rb6 31. Rd1 Re6 32. Bg3 Kf8 33. e5 dxe5 34. Qh7 Rbd6 35. Qh8+ Ke7 36. Rxd6 Qxd6 37. h3 Bb7 38. Qxg7 Rf6 39. Kh2 Qd4 40. Be4 Bxe4 41. Bh4 Bg6 42. Qxf6+ Kd7 43. Qd8+ Kc6 44. Qe8+ Qd7 45. Qxe5 Qd6 46. Qxd6+ Kxd6 47. Be1 Bc2 48. b4 Bxa4 49. bxc5+ Kxc5 50. Bd2 h5 51. Kg3 Kxc4 52. Kh4 Kd3 53. Bc1 Ke2 54. f4 Kf2 55. Kxh5 Kxg2 56. h4 Kh3 57. Bb2 Kg3 58. Kg5 Bd1 59. f5 Be2 60. h5 f6+ 61. Bxf6 Bc4 62. h6 Bg8 1-0

[Event "North Bay int."]
[Site "North Bay CAN"]
[Date "1999.08.05"]
[Round "3"]
[White "Dougherty, Michael"]
[Black "Fernandez, Daniel"]
[Result "1/2-1/2"]
[WhiteElo "2257"]
[BlackElo "2057"]
[PlyCount "54"]
[GameId "2160767911742553"]
[EventDate "1999.08.04"]
[EventType "swiss"]
[EventRounds "9"]
[EventCountry "CAN"]
[SourceTitle "EXT 2000"]
[Source "ChessBase"]
[SourceDate "1999.11.18"]
[SourceVersion "1"]
[SourceVersionDate "1999.11.18"]
[SourceQuality "1"]

1. Nf3 d5 2. d4 c6 3. c4 e6 4. Qc2 Nf6 5. Bg5 Bd6 6. Nc3 O-O 7. e3 Nbd7 8. Bd3 h6 9. h4 Qa5 10. c5 Bb8 11. a3 Re8 12. Bf4 e5 13. dxe5 Nxe5 14. Nxe5 Qxc5 15. Nxd5 Qxc2 16. Nxf6+ gxf6 17. Bxc2 Bxe5 18. Bxe5 fxe5 19. O-O-O Be6 20. g4 Rad8 21. g5 Kg7 22. f4 Rxd1+ 23. Rxd1 e4 24. Rd6 hxg5 25. fxg5 Rh8 26. Bxe4 Rxh4 27. Bd3 Rh3 1/2-1/2

[Event "North Bay int."]
[Site "North Bay CAN"]
[Date "1999.08.05"]
[Round "3"]
[White "Hebert, Jean"]
[Black "Nakamura, Hikaru"]
[Result "1-0"]
[WhiteElo "2454"]
[BlackElo "2204"]
[PlyCount "120"]
[GameId "2160767911742554"]
[EventDate "1999.08.04"]
[EventType "swiss"]
[EventRounds "9"]
[EventCountry "CAN"]
[SourceTitle "EXT 2000"]
[Source "ChessBase"]
[SourceDate "1999.11.18"]
[SourceVersion "1"]
[SourceVersionDate "1999.11.18"]
[SourceQuality "1"]

1. Nf3 Nf6 2. c4 g6 3. Nc3 Bg7 4. e4 d6 5. d4 O-O 6. Be2 e5 7. O-O Nc6 8. Be3 exd4 9. Nxd4 Re8 10. f3 Nh5 11. f4 Nf6 12. Nxc6 bxc6 13. Bf3 Rb8 14. b3 Ng4 15. Bd4 Ne3 16. Bxe3 Bxc3 17. Rc1 Bg7 18. Qd2 c5 19. Rcd1 Bb7 20. e5 Bxf3 21. Rxf3 dxe5 22. Bxc5 e4 23. Re3 Qxd2 24. Rxd2 f5 25. Bxa7 Rbd8 26. Ree2 Bc3 27. Rxd8 Rxd8 28. Be3 Kf7 29. Kf2 Ke6 30. Rc2 Rd3 31. Ke2 h6 32. Rc1 Bb4 33. Rc2 Bc3 34. Bd2 Bf6 35. b4 Ra3 36. Bc1 Ra4 37. a3 Be7 38. Rc3 Bf6 39. Rh3 Bg7 40. Rg3 Kf7 41. Kd1 c5 42. Rb3 cxb4 43. axb4 Bd4 44. Bb2 Bg1 45. h3 g5 46. g3 Ke6 47. b5 Ra7 48. Be5 Bb6 49. Rb2 e3 50. Ke2 h5 51. c5 Bxc5 52. b6 Rb7 53. Rb5 Be7 54. Kxe3 h4 55. gxh4 gxh4 56. Bc7 Bf6 57. Rc5 Be7 58. Re5+ Kf6 59. Rxe7 Kxe7 60. Kd4 Ke6 1-0

[Event "North Bay int."]
[Site "North Bay CAN"]
[Date "1999.08.05"]
[Round "3"]
[White "Hum, Peter"]
[Black "Olszewski, Piotr"]
[Result "0-1"]
[WhiteElo "2255"]
[BlackElo "2273"]
[PlyCount "82"]
[GameId "2160767911742555"]
[EventDate "1999.08.04"]
[EventType "swiss"]
[EventRounds "9"]
[EventCountry "CAN"]

1. c4 c5 2. g3 g6 3. Bg2 Bg7 4. Nc3 Nf6 5. e4 Nc6 6. Nge2 O-O 7. O-O d6 8. d3 Rb8 9. h3 a6 10. a4 Nd7 11. f4 Nd4 12. Nxd4 cxd4 13. Ne2 b5 14. cxb5 axb5 15. a5 b4 16. f5 Ba6 17. fxg6 fxg6 18. Rxf8+ Qxf8 19. Nf4 Nc5 20. Bf1 Qf7 21. b3 Qxb3 22. Qxb3+ Nxb3 23. Rb1 Nxc1 24. Rxc1 Bh6 25. Rb1 Bxf4 26. gxf4 e5 27. fxe5 dxe5 28. Kf2 Kf7 29. Ke2 Ke7 30. Kd2 Kd6 31. Be2 Bc8 32. h4 Be6 33. a6 Kc5 34. a7 Ra8 35. Ra1 Kb6 36. Ra4 Kb5 37. Bd1 h6 38. Kc1 g5 39. hxg5 hxg5 40. Kb2 g4 41. Ra1 Kb6 0-1

[Event "North Bay int."]
[Site "North Bay CAN"]
[Date "1999.08.05"]
[Round "3"]
[White "Hummel, Patrick"]
[Black "Dutton, Warren"]
[Result "1-0"]
[WhiteElo "2330"]
[BlackElo "2025"]
[PlyCount "67"]
[GameId "2160767911742556"]
[EventDate "1999.08.04"]
[EventType "swiss"]
[EventRounds "9"]
[EventCountry "CAN"]
[SourceTitle "EXT 2000"]
[Source "ChessBase"]
[SourceDate "1999.11.18"]
[SourceVersion "1"]
[SourceVersionDate "1999.11.18"]
[SourceQuality "1"]

1. d4 d5 2. c4 dxc4 3. Nf3 Nf6 4. e3 Bf5 5. Nc3 e6 6. Bxc4 Bb4 7. Qa4+ Nc6 8. Ne5 Qd6 9. O-O O-O 10. Nb5 Qe7 11. Nxc6 bxc6 12. Nxc7 Rac8 13. Na6 Bd6 14. f3 Ng4 15. fxg4 Qh4 16. h3 Bxg4 17. Qc2 Bf5 18. Bd3 Qg3 19. Bxf5 exf5 20. Bd2 g6 21. Rf3 Qh2+ 22. Kf2 Rfe8 23. Bb4 Bxb4 24. Nxb4 c5 25. dxc5 Qe5 26. Nd3 Qe4 27. Rc1 Qh4+ 28. Kg1 Re4 29. Rf4 Qg3 30. Rxe4 fxe4 31. Qf2 Qg5 32. Nf4 Rxc5 33. Rxc5 Qxc5 34. Qd2 1-0

[Event "North Bay int."]
[Site "North Bay CAN"]
[Date "1999.08.05"]
[Round "3"]
[White "Kuczaj, Chris"]
[Black "Goldenberg, Danny"]
[Result "0-1"]
[WhiteElo "2171"]
[BlackElo "2234"]
[PlyCount "70"]
[GameId "2160767911742557"]
[EventDate "1999.08.04"]
[EventType "swiss"]
[EventRounds "9"]
[EventCountry "CAN"]

1. d4 g6 2. e4 Bg7 3. Nc3 c6 4. Nf3 d6 5. Be2 Nd7 6. Be3 Qc7 7. Qd2 Ngf6 8. h3 O-O 9. O-O b5 10. a3 a6 11. Bh6 Bb7 12. Bxg7 Kxg7 13. Qe3 e5 14. dxe5 dxe5 15. Nh2 c5 16. Bf3 Nb6 17. b3 b4 18. Ne2 a5 19. Ng3 h6 20. Ng4 Nxg4 21. hxg4 f6 22. Rfd1 Rfd8 23. Rxd8 Rxd8 24. axb4 axb4 25. c3 c4 26. cxb4 Rd3 27. Qc5 Qxc5 28. bxc5 Nd7 29. b4 Rb3 30. Rc1 Rxb4 31. Be2 Nxc5 32. f3 Ba6 33. Nf1 Nb3 34. Rc3 Nd4 35. Bd1 Rb1 0-1

[Event "North Bay int."]
[Site "North Bay CAN"]
[Date "1999.08.05"]
[Round "3"]
[White "Miezis, Normunds"]
[Black "Safranska, Anda"]
[Result "1-0"]
[WhiteElo "2524"]
[BlackElo "2267"]
[PlyCount "77"]
[GameId "2160767911742558"]
[EventDate "1999.08.04"]
[EventType "swiss"]
[EventRounds "9"]
[EventCountry "CAN"]
[SourceTitle "EXT 2000"]
[Source "ChessBase"]
[SourceDate "1999.11.18"]
[SourceVersion "1"]
[SourceVersionDate "1999.11.18"]
[SourceQuality "1"]

1. c4 Nf6 2. Nc3 g6 3. g3 Bg7 4. Bg2 O-O 5. e4 e5 6. Nge2 Nc6 7. O-O d6 8. d3 Ne8 9. Nd5 f5 10. exf5 Bxf5 11. h3 Qd7 12. Kh2 Kh8 13. Be3 Nf6 14. Qd2 Rae8 15. Rae1 a5 16. a3 a4 17. Nec3 Nd4 18. Qd1 Nb3 19. Nxf6 Bxf6 20. Ne4 Bg7 21. Ng5 Qc8 22. h4 h6 23. Ne4 Qd7 24. Nc3 Bg4 25. f3 Be6 26. Qc2 Re7 27. Ne4 b6 28. Nc3 Qe8 29. Nd5 Ref7 30. f4 Bd7 31. Nxc7 Qb8 32. Nd5 b5 33. fxe5 Rxf1 34. Rxf1 Rxf1 35. Bxf1 dxe5 36. Qf2 Be6 37. Bg2 Nd4 38. Bxd4 Bxd5 39. Ba7 1-0

[Event "North Bay int."]
[Site "North Bay CAN"]
[Date "1999.08.05"]
[Round "3"]
[White "Morrell, Gordon"]
[Black "Hergott, Deen"]
[Result "0-1"]
[WhiteElo "2128"]
[BlackElo "2396"]
[PlyCount "74"]
[GameId "2160767911742559"]
[EventDate "1999.08.04"]
[EventType "swiss"]
[EventRounds "9"]
[EventCountry "CAN"]
[SourceTitle "EXT 2000"]
[Source "ChessBase"]
[SourceDate "1999.11.18"]
[SourceVersion "1"]
[SourceVersionDate "1999.11.18"]
[SourceQuality "1"]

1. d4 e6 2. Nf3 c5 3. e4 cxd4 4. Nxd4 Nf6 5. Nc3 Nc6 6. Ndb5 d6 7. Bf4 e5 8. Bg5 a6 9. Na3 b5 10. Nd5 Be7 11. Bxf6 Bxf6 12. c3 Bg5 13. g3 Ne7 14. Nxe7 Qxe7 15. Bg2 O-O 16. Nc2 Bb7 17. Nb4 Qe6 18. O-O a5 19. Nd5 Bxd5 20. Qxd5 Qxd5 21. exd5 Rab8 22. a4 bxa4 23. Rxa4 Rxb2 24. Rxa5 Bd8 25. Ra4 f5 26. Rb4 Rc2 27. Rfb1 Rxc3 28. R4b3 Rxb3 29. Rxb3 h5 30. Bf3 g6 31. Be2 Ba5 32. Bb5 Kg7 33. Kg2 e4 34. f3 Kf6 35. f4 g5 36. Bc6 gxf4 37. gxf4 Bd2 0-1

[Event "North Bay int."]
[Site "North Bay CAN"]
[Date "1999.08.05"]
[Round "3"]
[White "Nakamura, Asuka"]
[Black "Mulyar, Michael"]
[Result "0-1"]
[WhiteElo "2157"]
[BlackElo "2410"]
[PlyCount "116"]
[GameId "2160767911742560"]
[EventDate "1999.08.04"]
[EventType "swiss"]
[EventRounds "9"]
[EventCountry "CAN"]
[SourceTitle "EXT 2000"]
[Source "ChessBase"]
[SourceDate "1999.11.18"]
[SourceVersion "1"]
[SourceVersionDate "1999.11.18"]
[SourceQuality "1"]

1. e4 Nf6 2. Nc3 d5 3. e5 Ne4 4. Nce2 d4 5. d3 Nc5 6. f4 Nc6 7. Nf3 g6 8. b4 Nxb4 9. Nexd4 Bg7 10. Bd2 a5 11. a3 Nc6 12. Nxc6 bxc6 13. Be3 Ne6 14. d4 O-O 15. Qd2 Qd7 16. Bd3 Ba6 17. Bxa6 Rxa6 18. Qd3 Raa8 19. O-O f5 20. Rad1 Rfd8 21. Qe2 Qd5 22. g3 Rab8 23. Rb1 Qe4 24. Kf2 Kf7 25. Qc4 Qd5 26. Qxd5 cxd5 27. Bd2 a4 28. Ba5 Ra8 29. Bb4 Ra6 30. Bd2 Rc6 31. Rfc1 Rc4 32. Ke3 c5 33. c3 Rc8 34. Kd3 h6 35. h4 Bf8 36. Be3 cxd4 37. cxd4 Rxc1 38. Rxc1 Rxc1 39. Bxc1 Nc7 40. Nd2 e6 41. Nb1 Nb5 42. Nc3 Nxc3 43. Kxc3 Ke8 44. Kb2 Kd7 45. Bd2 Kc6 46. Bc1 Be7 47. Kc3 Kb5 48. Kd3 Bd8 49. Bd2 Be7 50. Bc1 Kc6 51. Kc2 Bd8 52. Bd2 Bb6 53. Kd3 Kb5 54. Bc3 Bc7 55. Bd2 Bd8 56. Bc1 Ba5 57. g4 h5 58. gxf5 gxf5 0-1

[Event "North Bay int."]
[Site "North Bay CAN"]
[Date "1999.08.05"]
[Round "3"]
[White "Ochkoos, Jura"]
[Black "Ellis, James"]
[Result "0-1"]
[WhiteElo "2305"]
[BlackElo "2180"]
[PlyCount "25"]
[GameId "2160767911742561"]
[EventDate "1999.08.04"]
[EventType "swiss"]
[EventRounds "9"]
[EventCountry "CAN"]
[SourceTitle "EXT 2000"]
[Source "ChessBase"]
[SourceDate "1999.11.18"]
[SourceVersion "1"]
[SourceVersionDate "1999.11.18"]
[SourceQuality "1"]

1. e4 c5 2. c3 Nf6 3. e5 Nd5 4. d4 cxd4 5. cxd4 d6 6. exd6 Qxd6 7. Nc3 Nc6 8. Nf3 g6 9. Bc4 Nb6 10. Be2 Bg7 11. Nb5 Qd8 12. d5 Nb4 13. Qa4 0-1